Statistics for Multiples of 3 Quiz

Click here to take the quiz!

General Stats

  • This quiz has been taken 498 times
  • The average score is 25 of 25

Answer Stats

Answer% Correct
12
100%
18
100%
3
100%
6
100%
15
99%
21
99%
24
99%
27
99%
30
99%
33
99%
36
99%
9
99%
39
98%
42
98%
45
98%
48
98%
51
98%
54
98%
57
98%
60
98%
63
98%
75
98%
66
97%
69
97%
72
97%

Score Distribution

Percentile by Number Answered

Percent of People with Each Score

Your Score History

You have not taken this quiz